| 000 | 00686nam a22001937a 4500 | ||
|---|---|---|---|
| 999 |
_c6366 _d6366 |
||
| 003 | AR-CdUCM | ||
| 008 | 190315b ||||| |||| 00| 0 spa d | ||
| 040 |
_aMUNICIPALIDAD PROVINCIAL DEL CUSCO _cBIBLIOTECA MUNICIPAL DEL CUSCO |
||
| 082 |
_a901 / _bV18S |
||
| 100 |
_aValcárcel, Carlos Daniel _96185 |
||
| 245 | _aSobre la historia / | ||
| 260 |
_aLima : _c1949. |
||
| 300 |
_a38 páginas ; _c21.5 cm. |
||
| 505 | _aContenido: Antecedentes y el planteamiento del problema --El objeto histórico -- Estructura de la Historia -- Límites de la historia -- El historiar. | ||
| 650 |
_aHistoria del Perú _9259 |
||
| 650 |
_aHistoriografía _97736 |
||
| 942 |
_2ddc _cLIBROS |
||
| 945 | _aafb | ||